000 00830nam a22002657a 4500
008 130821s1997 sp gr spa
020 _a8441305897
040 _aCo-BoUCM
_bspa
041 0 0 _aspa
100 1 _aChamberlain, John
_d1903-1995
_9167063
245 1 4 _aLas raíces del capitalismo
_cJohn Chamberlain
260 _aBarcelona (España)
_bFolio
_c1997
300 _a238 páginas
490 0 _aBiblioteca de economía
500 _aDonación Dr. Guillermo Galán.
500 _aIncluye índices.
650 0 4 _aCapitalismo
_910463
650 0 4 _aCompetencia económica
_911259
650 0 4 _aPropiedad
_922576
650 0 4 _aSindicatos
_924445
650 0 4 _aSistemas económicos
_924652
765 0 _tThe roots of capitalism
942 _cLIBRO
_a7
_e1
_mC21
_2DEWEY
_h330.122
999 _c67847
_d67847